00382nam a22001217a 4500003000400000008004100004020001800045100001800063245008100081260006300162300001000225650002500235OSt250215b |||||||| |||| 00| 0 eng d a9788197978524 aARORA, Shakti aThe Blockchain Revolution: Understanding The Future of Decentralized System  aNew Delhi, Naples India: 2024.bNaples India: 2024.c2024. a290p. aFaculty Publication